000 00338nam a2200133Ia 4500
008 100328s9999 xx 000 0 und d
082 _b21979
100 _aकुलकर्णी दत्ता. जी.
245 _aसावट
260 _bनलिनी
630 _aसावट
730 _aसावट
942 _cBOOK
999 _c515943
_d515940